| Поле | Название | Значение |
| |
Тип записи |
a |
| |
Библиографический уровень |
m |
| 001 |
Контрольный номер |
RU\infra-m\znanium\bibl\2151405 |
| 005 |
Дата корректировки |
20240827142120.3 |
| 008 |
Кодируемые данные |
240426s2024 RU g rus u |
| 020 |
Индекс ISBN |
__ |
| a |
ISBN |
978-5-16-020013-2 |
| 020 |
Индекс ISBN |
__ |
| a |
ISBN |
978-5-16-112562-5 (электр. издание) |
| 040 |
Источник каталогиз. |
__ |
| a |
Служба первич. каталог. |
Общество с ограниченной ответственностью «ЗНАНИУМ» |
| 041 |
Код языка издания |
__ |
| a |
Код языка текста |
rus |
| 044 |
Код страны публикации |
__ |
| a |
Код страны публикации |
RU |
| 080 |
Индекс УДК |
__ |
| a |
Индекс УДК |
651.5(075.32) |
| 084 |
Индекс другой классификации/Индекс ББК |
__ |
| 2 |
Источник индекса |
rubbk |
| a |
Индекс другой классификации/Индекс ББК |
60.844я723 |
| 084 |
Индекс другой классификации/Индекс ББК |
__ |
| 2 |
Источник индекса |
okso |
| a |
Индекс другой классификации/Индекс ББК |
31.02.01 |
| 084 |
Индекс другой классификации/Индекс ББК |
__ |
| 2 |
Источник индекса |
okso |
| a |
Индекс другой классификации/Индекс ББК |
38.02.01 |
| 084 |
Индекс другой классификации/Индекс ББК |
__ |
| 2 |
Источник индекса |
okso |
| a |
Индекс другой классификации/Индекс ББК |
38.02.02 |
| 084 |
Индекс другой классификации/Индекс ББК |
__ |
| 2 |
Источник индекса |
okso |
| a |
Индекс другой классификации/Индекс ББК |
38.02.03 |
| 084 |
Индекс другой классификации/Индекс ББК |
__ |
| 2 |
Источник индекса |
okso |
| a |
Индекс другой классификации/Индекс ББК |
38.02.06 |
| 084 |
Индекс другой классификации/Индекс ББК |
__ |
| 2 |
Источник индекса |
okso |
| a |
Индекс другой классификации/Индекс ББК |
38.02.07 |
| 084 |
Индекс другой классификации/Индекс ББК |
__ |
| 2 |
Источник индекса |
okso |
| a |
Индекс другой классификации/Индекс ББК |
38.02.08 |
| 100 |
Автор |
__ |
| a |
Автор |
Кирсанова М.В. |
| q |
Полное имя |
Кирсанова Мария Владимировна |
| u |
Дополнение |
Новосибирский колледж транспортных технологий им. Н.А. Лунина |
| 245 |
Заглавие |
__ |
| a |
Заглавие |
Деловая переписка |
| b |
Продолж. заглавия |
Учебно-методическая литература |
| c |
Ответственность |
Новосибирский колледж транспортных технологий им. Н.А. Лунина; Новосибирский государственный университет экономики и управления |
| 250 |
Сведения об издании |
__ |
| g |
|
перераб. и доп. |
| a |
Основные сведения об издании |
4 |
| 260 |
Выходные данные |
__ |
| a |
Место издания |
Москва |
| b |
Издательство |
ООО "Научно-издательский центр ИНФРА-М" |
| c |
Дата издания |
2024 |
| 300 |
Физическое описание |
__ |
| a |
Объем |
153 с. |
| 440 |
Серия |
__ |
| a |
Серия |
Среднее профессиональное образование |
| 520 |
Аннотация |
__ |
| a |
Аннотация |
В учебно-практическом пособии рассмотрены правила оформления делового письма в России согласно ГОСТ Р 6.30-2003 типовой инструкции по делопроизводству в федеральных органах исполнительной власти утвержденной приказом Росархива от 27.11.2000 № 68 и правила оформления международного письма которые выработаны национальными службами стандартизации в рамках ИСО. Особое внимание уделяется тексту письма приводятся примеры составления писем в органы государственной власти и различные организации. Соответствует требованиям федеральных государственных образовательных стандартов среднего профессионального образования последнего поколения. Предназначено для студентов учреждений среднего профессионального образования по укрупненной группе специальностей 38.02.00 «Экономика и управление» а также для практических работников управления. |
| 521 |
Примеч. о цел. назн. |
__ |
| a |
Примеч. о целев. назн. |
Среднее профессиональное образование |
| 650 |
Тематические рубрики |
__ |
| a |
Основная рубрика |
Управление (менеджмент) |
| x |
Основная подрубрика |
Деловая переписка |
| 655 |
Указ. предметных рубрик (устаревшее) |
__ |
| a |
Жанр/ форма (устаревшее) |
Учебно-методическая литература |
| 700 |
Другие авторы |
__ |
| a |
Другие авторы |
Аксенов Ю. М. |
| q |
Полное имя |
Аксенов Юрий Михайлович |
| u |
Дополнение |
Новосибирский государственный университет экономики и управления |
| 856 |
Электронный адрес документа |
4_ |
| a |
Имя сервера/домена |
znanium.ru |
| m |
Помощь |
ebs_support@infra-m.ru |
| n |
Местонахождение сервера |
НИЦ ИНФРА-М |
| u |
URL |
https://znanium.ru/catalog/document?id=446313 |
| 856 |
Электронный адрес документа |
48 |
| a |
Имя сервера/домена |
znanium.ru |
| d |
Путь |
/cover/2151 |
| f |
Электронное имя |
2151405.jpg |
| u |
URL |
https://znanium.ru/cover/2151/2151405.jpg |
| 911 |
|
__ |
| u |
|
0030=https://znanium.ru/catalog/document?id=446313 |
| 911 |
|
__ |
| u |
|
712a=Новосибирский государственный университет экономики и управления |